| 000 | 00399nam a2200133 4500 | ||
|---|---|---|---|
| 001 | 16437 | ||
| 021 | _b361 236/13 | ||
| 090 | _a16437 | ||
| 100 | _a20251023 pory50 | ||
| 200 |
_aMemórias paroquiais da Vila de Alandroal e seu termo (1758) _fIsabel Alves Moreira _gil. da capa Fátima Alves Rei |
||
| 210 |
_aLisboa _cEd. Colibri _d2013 |
||
| 215 |
_a104 p. _d23 cm |
||
| 801 |
_aPT _bBMA _gRPC |
||
| 990 | _cLIVROS | ||